000 00535nam a2200229Ia 4500
005 20250425162442.0
008 250425s9999 xx 000 0 und d
020 _a9507432027
041 _aspa
043 _aag
082 _a346.07
100 _aVALLETA, LAURA
245 0 _aDICCIONARIO DE DERECHO COMERCIAL
250 _a1A ED.
260 _aArgentina
_bVALLETA EDICIONES
_c2000
260 _aBUENOS AIRES
300 _a458
650 _aDERECHO MERCANTIL
650 _aDICCIONARIOS
942 _c01
010 _a74955
999 _c229525
_d229525